000 00624nam a2200205Ia 4500
003 OSt
005 20220625101424.0
008 210716s2003 xx 000 0 und d
040 _cAIMIT LIBRARY
041 _aeng
082 _a005.73
_21
_bREDA
100 _aReddy, A M Padma.
_945150
245 _aSystematic approach to data structures using c /
_cBy A. M. Padma Reddy.
250 _a1st ed.
260 _aBangalore :
_bSri Nandi Publications ,
_c2003 .
300 _a472p. ;
_c24 cm.
650 _aSorting and searching
_945151
650 _aStacks recursion and queues
_945152
942 _2ddc
_cBK
_e1st
_k005.73 REDA
999 _c186329
_d186329